Українська дипломатія 1917-1924 рр.: зародження національних традицій (Запис № 442698)

МАРК-запис
000 -Лідер
fixed length control field 02818 a2200241 4500
003 - Ідентифікатор контрольного номера
control field UA-OsUOA
005 - Дата та час останнього входження (трансакції)
control field 20191221094957.0
008 - Елементи даних фіксованої довжини – загальна інформація
fixed length control field 191107b un ||||| |||| 00| 0 ukr d
040 ## - Джерело каталогізації
Агенція оригінальної каталогізації UA-OsUOA
Мова каталогізації ukr
Агенція, яка здійснювала перезапис UA-OsUOA
Агенція, яка здійснювала модифікацію UA-OsUOA
041 ## - Код мови
Код мови тексту/ звукової доріжки чи окремого заголовка (П) ukr
080 ## - Індекс Універсальної десяткової класифікації
Індекс Універсальної десяткової класифікації (УДК) (НП) 069.538
090 ## - Локальний шифр розміщення
Класифікаційний індекс УДК 069.538
Авторський знак (НП) У45
110 ## - Наймення організації – загальна інформація
Найменування колективу або юрисдикції як початковий елемент введення Міністерство закордонних справ України; Державна архівна служба України; Наукове товариство історії дипломатії та міжнародних відносин
245 ## - Відомості про назву
Назва (НП) Українська дипломатія 1917-1924 рр.: зародження національних традицій
Решта назви (НП) каталог виставки архівних документів
260 ## - Публікація, розповсюдження і т.п. (Вихідні дані)
Дата публікації, розповсюдження і т.п. (П) 2017.
Місце публікації, розповсюдження і т.п. (П) Київ
520 ## - Резюме і т.п.
Резюме, реферат, анотація, тощо (НП) Виставка архівних документів "Українська дипломатія 1917-1924 рр.: зародження національних традицій" присвячена століттю створення зовнішньополітичного відомства Української Народної Республіки (УНР) - Секретарства справ міжнародних, реорганізованого з Секретарства справ міжнаціональних 22 грудня 1917 р. Відтоді розпочалося формування української дипломатичної і консульської служи як державного інституту, покликаного захищати інтереси держави та її громадян.<br/>Видання розповідає про особливості виставки. Документи виставки подано в 17-ти тематичних блоках, які відображають ключові події зовнішньополітичної діяльності Української Народної Республіки та Української Держави, закладання підвалин традицій української дипломатії.
591 ## - Дарувальник
Назва організації Наукове товариство історії дипломатії та міжнародних відносин
Прізвище та ініціали особи Матяш І.Б.
650 ## - Додаткове предметне введення – тематичний термін
Тематичний термін чи географічна назва, як елемент введення (НП) 069.538 Музейні каталоги
710 1# - Додаткове введення – наймення організації
Наймення організації або юрисдикції, як елемент введення Міністерство закордонних справ України; Державна архівна служба України; Наукове товариство історії дипломатії та міжнародних відносин
942 ## - Додаткові елементи входу (Коха)
Тип елемента Koha Брошура
Source of classification or shelving scheme Universal Decimal Classification
955 ## - Код типу видання за змістом
Код типу видання за змістом (НП) інше
Фонди
Стан вилучень Стан втрат Джерело класифікації або схеми стелажів Стан уражень Не для кредиту Постійне місце розташування Поточне розміщення Дата придбання Джерело придбання Вартість, звичайна ціна покупки Інвентарний номер Усього замовленно Повний номер виклику Штрих-код Дата останнього перегляду Ціна ефективна від Тип елемента Koha
    Universal Decimal Classification     Наукова бібліотека ІДУД Наукова бібліотека ІДУД 02/10/2019 Акт надходження № 345/2019 (від Ірини Матяш, НТІДМВ) 1.00 2139562   069.538 У45 2139562 07/11/2019 02/10/2019 Брошура